Quiz Drapeau Moyen - Statistiques

Statistiques générales
  • Ce quiz a été pris 357 fois
    256 depuis la dernière actualisation
  • Le résultat moyen est 12 sur 13
Statistiques - réponses
Par images Réponse % Correct
Algerie
99%
Corée du Sud
98%
Suède
98%
Turquie
97%
Inde
96%
Jamaique
96%
Arabie Saoudite
93%
Nouvelle Zelande
91%
Nigeria
85%
Macédoine du nord
84%
Senegal
82%
Kenya
79%
Philippines
68%
Aucun quiz correspondant
Distribution des résultats
% des personnes avec chaque résultat
Percentile par nombre de réponses
Votre historique - résultats
Vous n’avez pas pris ce quiz depuis la dernière actualisation